Statistics for First Lines of Christmas Songs

Click here to take the quiz!

General Stats

  • This quiz has been taken 88,917 times
    (71,722 since last reset)
  • The average score is 16 of 20

Answer Stats

First Line % Correct
Silent night, {holy} night
96%
I'm dreaming of a {white} Christmas
96%
Rudolph, the red-nosed reindeer had a very {shiny} nose
94%
Deck the halls with boughs of {holly}
93%
I saw Mommy kissing {Santa} {Claus}
93%
On the first day of Christmas, my {true} {love} gave to me
92%
It's the most {wonderful} time of the year
90%
O come, all ye {faithful}
89%
You better watch out, you better {not} {cry}
88%
Chestnuts roasting on an {open} {fire}
87%
Sleigh bells ring, are you {listening}
83%
Jingle bell, jingle bell, jingle bell {rock}
83%
Oh the weather outside is {frightful}
83%
Santa {baby}, slip a sable under the tree for me
72%
Frosty the Snowman was a {jolly} happy soul
71%
Away in a manger, no {crib} for his bed
66%
We three kings of {Orient} are
62%
It came upon the {midnight} clear
55%
Good King Wenceslas looked out, on the feast of {Stephen}
42%
City sidewalks, {busy} sidewalks
39%

Score Distribution

Percentile by Number Answered

Percent of People with Each Score

Your Score History

You have not taken this quiz since the last reset